[Event "GER-chT U20"]
[Site "Arendsee"]
[Date "2008.12.29"]
[Round "6.1"]
[White "Bracker, Frank"]
[Black "Luo, Xinping"]
[Result "1/2-1/2"]
[WhiteElo "2222"]
[BlackElo "1920"]
[PlyCount "93"]
[EventDate "2008.12.27"]
[EventType "team-swiss"]
[EventRounds "7"]
[EventCountry "GER"]
[SourceTitle "CBM 128 Extra"]
[Source "ChessBase"]
[SourceDate "2009.03.05"]
[SourceVersion "2"]
[SourceVersionDate "2009.03.25"]
[SourceQuality "1"]
[WhiteTeam "Hamburger SK"]
[BlackTeam "Heilbronn"]
[WhiteTeamCountry "GER"]
[BlackTeamCountry "GER"]

1. e4 c5 2. Nf3 d6 3. d4 cxd4 4. Nxd4 Nf6 5. Nc3 g6 6. Be2 Bg7 7. 0-0 0-0 8. Re1 Nc6 9. Nb3 a6 10. Bg5 b5 11. Bf1 Bb7 12. Nd5 Nd7 13. c3 Rc8 14. a4 h6 15. axb5 axb5 16. Na5 hxg5 17. Nxb7 Qe8 18. Bxb5 Nde5 19. Na5 Qd8 20. Nxc6 Nxc6 21. Bxc6 Rxc6 22. Ra7 Bf6 23. Qa4 Rc5 24. b4 Rc4 25. Qb5 Rc8 26. c4 Rb8 27. Qa4 Kg7 28. Rb1 Qc8 29. Rc7 Qg4 30. Nxf6 exf6 31. Qc2 Qf4 32. b5 Rh8 33. h3 g4 34. g3 Qh6 35. h4 g5 36. Qd1 Qh5 37. Qd5 Rbe8 38. Kg2 Re5 39. Qxd6 gxh4 40. Rh1 Qg6 41. Qd3 Rd8 42. Qc2 Rd2 43. Qxd2 Qxe4+ 44. Kg1 Qb1+ 45. Kg2 Qe4+ 46. Kg1 Qb1+ 47. Kg2 1/2-1/2

[Event "GER-chT U20"]
[Site "Arendsee"]
[Date "2008.12.28"]
[Round "3.1"]
[White "Schneider, David"]
[Black "Luo, Xinping"]
[Result "1-0"]
[WhiteElo "2218"]
[BlackElo "1920"]
[PlyCount "79"]
[EventDate "2008.12.27"]
[EventType "team-swiss"]
[EventRounds "7"]
[EventCountry "GER"]
[SourceTitle "CBM 128 Extra"]
[Source "ChessBase"]
[SourceDate "2009.03.05"]
[SourceVersion "2"]
[SourceVersionDate "2009.03.25"]
[SourceQuality "1"]
[WhiteTeam "Grossenseebach"]
[BlackTeam "Heilbronn"]
[WhiteTeamCountry "GER"]
[BlackTeamCountry "GER"]

1. e4 c6 2. d4 d5 3. exd5 cxd5 4. c4 Nf6 5. Nc3 e6 6. Nf3 Be7 7. cxd5 Nxd5 8. Bd3 0-0 9. 0-0 Nc6 10. Re1 Bf6 11. Be4 Nce7 12. Qd3 g6 13. Bh6 Bg7 14. Bxg7 Kxg7 15. Ne5 b6 16. Qd2 Bb7 17. Ng4 Ng8 18. Bxd5 Bxd5 19. Re5 h5 20. Nxd5 exd5 21. Ne3 Nf6 22. Rc1 Qd7 23. Nf5+ gxf5 24. Qg5+ Kh7 25. Qxf6 Rac8 26. Rxc8 Rxc8 27. g3 Rc6 28. Qg5 Rg6 29. Qxh5+ Kg7 30. Qxf5 Qxf5 31. Rxf5 Rg4 32. Rxd5 Kf6 33. Kg2 Ke6 34. Re5+ Kd6 35. f4 Rg8 36. Rf5 Ke6 37. Re5+ Kd6 38. Kf3 f6 39. Re2 Kd5 40. Re7 1-0

[Event "GER-chT U20"]
[Site "Arendsee"]
[Date "2008.12.27"]
[Round "1.1"]
[White "Armbrust, Florian"]
[Black "Luo, Xinping"]
[Result "1/2-1/2"]
[WhiteElo "2311"]
[BlackElo "1920"]
[PlyCount "48"]
[EventDate "2008.12.27"]
[EventType "team-swiss"]
[EventRounds "7"]
[EventCountry "GER"]
[SourceTitle "CBM 128 Extra"]
[Source "ChessBase"]
[SourceDate "2009.03.05"]
[SourceVersion "2"]
[SourceVersionDate "2009.03.25"]
[SourceQuality "1"]
[WhiteTeam "Schott Mainz"]
[BlackTeam "Heilbronn"]
[WhiteTeamCountry "GER"]
[BlackTeamCountry "GER"]

1. e4 c6 2. d4 d5 3. exd5 cxd5 4. c4 Nf6 5. Nc3 e6 6. Nf3 Be7 7. cxd5 Nxd5 8. Bd3 Nc6 9. a3 0-0 10. h4 b6 11. Qe2 Bb7 12. Bg5 Qd7 13. Bxe7 Ncxe7 14. Nxd5 Qxd5 15. Ng5 h6 16. Bh7+ Kh8 17. Be4 Qd7 18. Qd3 Bxe4 19. Qxe4 f5 20. Qxe6 Qxd4 21. Nf7+ Kg8 22. Ng5+ Kh8 23. Nf7+ Kg8 24. Ng5+ Kh8 1/2-1/2

[Event "GER-chT U20"]
[Site "Kelheim"]
[Date "2007.12.30"]
[Round "7.1"]
[White "Luo, Xinping"]
[Black "Lange, Jan David"]
[Result "1-0"]
[WhiteElo "1971"]
[BlackElo "1992"]
[PlyCount "51"]
[EventDate "2007.12.27"]
[EventType "team-swiss"]
[EventRounds "7"]
[EventCountry "GER"]
[SourceTitle "EXT 2022"]
[Source "ChessBase"]
[SourceDate "2021.10.06"]
[SourceVersion "1"]
[SourceVersionDate "2021.10.06"]
[SourceQuality "1"]
[WhiteTeam "Heilbronn U20"]
[BlackTeam "Tamm 74 U20"]
[WhiteTeamCountry "GER"]
[BlackTeamCountry "GER"]

1. e4 c5 2. Nf3 Nc6 3. d4 cxd4 4. Nxd4 Nf6 5. Nc3 d6 6. Bg5 e6 7. Qd2 Be7 8. 0-0-0 Nxd4 9. Qxd4 0-0 10. f4 Qa5 11. Bc4 Bd7 12. Rd3 b5 13. Rg3 Kh8 14. Bd3 b4 15. e5 Ng8 16. exd6 Bf6 17. Rh3 h6 18. Bxf6 Nxf6 19. Rxh6+ gxh6 20. Qxf6+ Kg8 21. Re1 Qh5 22. Re3 Qxh2 23. Ne2 Ba4 24. Rg3+ Qxg3 25. Nxg3 Rfb8 26. Nh5 1-0

[Event "GER-chT U20"]
[Site "Kelheim"]
[Date "2007.12.28"]
[Round "4.1"]
[White "Krug, Kevin"]
[Black "Luo, Xinping"]
[Result "1-0"]
[WhiteElo "2196"]
[BlackElo "1971"]
[PlyCount "105"]
[EventDate "2007.12.27"]
[EventType "team-swiss"]
[EventRounds "7"]
[EventCountry "GER"]
[SourceTitle "EXT 2022"]
[Source "ChessBase"]
[SourceDate "2021.10.06"]
[SourceVersion "1"]
[SourceVersionDate "2021.10.06"]
[SourceQuality "1"]
[WhiteTeam "Koeln Muelheim U20"]
[BlackTeam "Heilbronn U20"]
[WhiteTeamCountry "GER"]
[BlackTeamCountry "GER"]

1. d4 Nf6 2. c4 g6 3. Nc3 d5 4. cxd5 Nxd5 5. e4 Nxc3 6. bxc3 Bg7 7. Nf3 0-0 8. Rb1 c5 9. Be2 Nc6 10. d5 Ne5 11. Nxe5 Bxe5 12. Qd2 Bc7 13. h4 e6 14. Bc4 Qe7 15. Qg5 f6 16. Qe3 Rb8 17. 0-0 b6 18. g3 exd5 19. exd5 Qxe3 20. Bxe3 Bd6 21. Bf4 Bxf4 22. gxf4 Bd7 23. Rfe1 Rfe8 24. Re3 Rxe3 25. fxe3 f5 26. Kf2 Rd8 27. h5 gxh5 28. Rg1+ Kf7 29. Rg5 b5 30. Bd3 Kf6 31. Rxh5 Kg6 32. Rh1 c4 33. Bc2 Be8 34. e4 h5 35. Rg1+ Kh6 36. Rg8 Kh7 37. Rf8 fxe4 38. Bxe4+ Kg7 39. Rf5 Rd6 40. Ke3 h4 41. Rg5+ Kf6 42. Rg4 h3 43. Rh4 Bd7 44. Kd4 Ke7 45. f5 Ra6 46. Bb1 Ra3 47. Rxh3 a5 48. Ke5 b4 49. Rh7+ Kd8 50. Kd6 Rxc3 51. Rxd7+ Ke8 52. f6 b3 53. Bg6+ 1-0

[Event "GER-chT U20"]
[Site "Kelheim"]
[Date "2007.12.28"]
[Round "3.1"]
[White "Luo, Xinping"]
[Black "Fuhrmann, Max"]
[Result "1-0"]
[WhiteElo "1971"]
[BlackElo "2028"]
[PlyCount "119"]
[EventDate "2007.12.27"]
[EventType "team-swiss"]
[EventRounds "7"]
[EventCountry "GER"]
[SourceTitle "EXT 2022"]
[Source "ChessBase"]
[SourceDate "2021.10.06"]
[SourceVersion "1"]
[SourceVersionDate "2021.10.06"]
[SourceQuality "1"]
[WhiteTeam "Heilbronn U20"]
[BlackTeam "Kelheim SK U20"]
[WhiteTeamCountry "GER"]
[BlackTeamCountry "GER"]

1. e4 c6 2. Nc3 d5 3. Nf3 Bg4 4. h3 Bxf3 5. Qxf3 e6 6. Be2 Nf6 7. d3 Bb4 8. Bd2 Qb6 9. e5 Nfd7 10. Qg3 Rg8 11. a3 Bxc3 12. bxc3 Qb2 13. 0-0 Qxc2 14. Rfd1 Qa4 15. Rdb1 Qa6 16. Kf1 c5 17. d4 c4 18. a4 Nc6 19. Qh4 Nf8 20. Bc1 Rh8 21. Ba3 Ng6 22. Qg5 Rd8 23. h4 Rg8 24. h5 h6 25. Qe3 Nge7 26. f4 Na5 27. Rb5 b6 28. Qf3 Qc8 29. Kf2 Nb3 30. Ra2 Qc6 31. Rxb3 cxb3 32. Bb5 bxa2 33. Bxc6+ Nxc6 34. Qd1 Na5 35. Qa1 Nc4 36. Qxa2 Nxa3 37. Qxa3 g6 38. hxg6 fxg6 39. c4 dxc4 40. Qc3 Kf7 41. Qxc4 Rc8 42. Qb3 Rgd8 43. Qh3 Rc2+ 44. Kg1 Rg8 45. Qh4 Rc7 46. Qf6+ Ke8 47. Qxe6+ Kf8 48. Qd6+ Re7 49. e6 Rgg7 50. d5 Kg8 51. Qe5 Rc7 52. d6 Rc5 53. Qd4 Rc8 54. e7 Re8 55. Qd5+ Kh7 56. d7 Rexe7 57. d8Q Rb7 58. Qe6 Rbf7 59. Qee8 g5 60. Qd3+ 1-0

[Event "Wuerttemberg-ch U16"]
[Site "Friedrichshafen"]
[Date "2005.04.02"]
[Round "7"]
[White "Zikeli, Saskia"]
[Black "Luo, Xinping"]
[Result "1/2-1/2"]
[WhiteElo "1885"]
[BlackElo "1676"]
[PlyCount "50"]
[EventDate "2005.03.29"]
[EventType "swiss"]
[EventRounds "7"]
[EventCountry "GER"]
[SourceTitle "EXT 2007"]
[Source "ChessBase"]
[SourceDate "2006.11.23"]
[SourceVersion "1"]
[SourceVersionDate "2006.11.23"]
[SourceQuality "1"]

1. e4 c5 2. Nf3 d6 3. d4 cxd4 4. Nxd4 Nf6 5. Nc3 g6 6. Be3 Bg7 7. f3 Nc6 8. Qd2 0-0 9. Bc4 Bd7 10. 0-0-0 Rc8 11. Bb3 Ne5 12. h4 h5 13. Bg5 Rc5 14. Rdg1 a5 15. g4 hxg4 16. h5 Nxh5 17. Bh6 Kh7 18. Bxg7 Kxg7 19. fxg4 Bxg4 20. Rxh5 gxh5 21. Nf5+ Kf6 22. Qh6+ Ng6 23. Qg7+ Kg5 24. Qh6+ Kf6 25. Nd5+ Rxd5 1/2-1/2

[Event "Wuerttemberg-ch U16"]
[Site "Friedrichshafen"]
[Date "2005.03.30"]
[Round "3"]
[White "Luo, Xinping"]
[Black "Haag, Patrick"]
[Result "1/2-1/2"]
[WhiteElo "1676"]
[BlackElo "1725"]
[PlyCount "38"]
[EventDate "2005.03.29"]
[EventType "swiss"]
[EventRounds "7"]
[EventCountry "GER"]
[SourceTitle "EXT 2007"]
[Source "ChessBase"]
[SourceDate "2006.11.23"]
[SourceVersion "1"]
[SourceVersionDate "2006.11.23"]
[SourceQuality "1"]

1. e4 c5 2. Nf3 e6 3. d4 cxd4 4. Nxd4 Nf6 5. Nc3 Nc6 6. Ndb5 d6 7. Bf4 e5 8. Bg5 a6 9. Na3 b5 10. Nd5 Be7 11. Bxf6 Bxf6 12. c3 Bg5 13. Nc2 Be6 14. Nce3 0-0 15. a4 Bxe3 16. Nxe3 b4 17. Be2 bxc3 18. bxc3 Qc7 19. 0-0 Rfd8 1/2-1/2

[Event "GER-chT U16"]
[Site "Dittrichshuette"]
[Date "2004.12.29"]
[Round "5"]
[White "Bruesch, Robert"]
[Black "Luo, Xinping"]
[Result "1/2-1/2"]
[WhiteElo "1625"]
[BlackElo "1696"]
[PlyCount "89"]
[EventDate "2004.12.27"]
[EventType "team"]
[EventRounds "6"]
[EventCountry "GER"]
[SourceTitle "EXT 2006"]
[Source "ChessBase"]
[SourceDate "2005.11.24"]
[SourceVersion "1"]
[SourceVersionDate "2005.11.24"]
[SourceQuality "1"]

1. d4 Nf6 2. Nf3 g6 3. c4 Bg7 4. Nc3 d5 5. Bf4 0-0 6. e3 c5 7. Be2 cxd4 8. exd4 Nc6 9. 0-0 Bg4 10. c5 Ne4 11. Be3 Nxc3 12. bxc3 Qd7 13. h3 Bxf3 14. Bxf3 Na5 15. Be2 b6 16. cxb6 axb6 17. Rb1 Qc6 18. Qc2 Nc4 19. Bxc4 Qxc4 20. Ra1 Rfc8 21. Qb3 b5 22. Rfc1 h6 23. Qxc4 Rxc4 24. Rc2 b4 25. Rac1 Rac8 26. Kf1 bxc3 27. Ke2 g5 28. f3 e5 29. dxe5 Bxe5 30. Kd3 d4 31. Bf2 Kg7 32. Rb1 R8c5 33. Rb6 Ra4 34. a3 Rcc4 35. Rb5 Bf6 36. Rb6 Kg6 37. Rb7 Kg7 38. Rb6 Be7 39. Rb3 Kg6 40. Rb6+ Kg7 41. Rb3 h5 42. Bg1 f6 43. Rb7 Kf8 44. Rb8+ Kf7 45. Rb7 1/2-1/2

[Event "GER-chT U16"]
[Site "Dittrichshuette"]
[Date "2004.12.27"]
[Round "1"]
[White "Schneider, Christian"]
[Black "Luo, Xinping"]
[Result "1/2-1/2"]
[WhiteElo "1833"]
[BlackElo "1696"]
[PlyCount "70"]
[EventDate "2004.12.27"]
[EventType "team"]
[EventRounds "6"]
[EventCountry "GER"]
[SourceTitle "EXT 2006"]
[Source "ChessBase"]
[SourceDate "2005.11.24"]
[SourceVersion "1"]
[SourceVersionDate "2005.11.24"]
[SourceQuality "1"]

1. Nc3 c5 2. e4 Nc6 3. g3 g6 4. Bg2 Bg7 5. d3 e6 6. f4 d6 7. Nf3 Nge7 8. 0-0 0-0 9. Be3 Nd4 10. Qd2 Rb8 11. Ne1 b5 12. Nd1 b4 13. c3 bxc3 14. bxc3 Ndc6 15. Qf2 f6 16. g4 f5 17. gxf5 exf5 18. e5 dxe5 19. Bxc5 Re8 20. Bxa7 Nxa7 21. Qxa7 Qd6 22. Qf2 exf4 23. d4 g5 24. Nc2 Nd5 25. c4 Nb4 26. Nxb4 Rxb4 27. Nc3 Qxd4 28. Bd5+ Be6 29. Rae1 Qxf2+ 30. Rxf2 Bxc3 31. Rxe6 Rxe6 32. Bxe6+ Kg7 33. Rc2 Bd4+ 34. Kg2 Bc5 35. Bxf5 h5 1/2-1/2

[Event "Wuertemberg-ch U16"]
[Site "Germany"]
[Date "2004.04.14"]
[Round "3"]
[White "Luo, Xinping"]
[Black "Hirneise, Tobias"]
[Result "1/2-1/2"]
[WhiteElo "1653"]
[BlackElo "1838"]
[PlyCount "67"]
[EventDate "2004.04.??"]
[EventType "swiss"]
[EventRounds "7"]
[EventCountry "GER"]
[SourceTitle "EXT 2005"]
[Source "ChessBase"]
[SourceDate "2004.11.15"]
[SourceVersion "1"]
[SourceVersionDate "2004.11.15"]
[SourceQuality "1"]

1. e4 c5 2. Nf3 Nc6 3. d4 cxd4 4. Nxd4 Nf6 5. Nc3 e5 6. Ndb5 d6 7. Nd5 Nxd5 8. exd5 Nb8 9. c4 Be7 10. Be2 0-0 11. 0-0 a6 12. Nc3 f5 13. f4 Nd7 14. Be3 Bf6 15. Rc1 exf4 16. Bxf4 Be5 17. Kh1 Bxf4 18. Rxf4 Ne5 19. Qd4 Rf6 20. b4 Rh6 21. g3 Ng6 22. Rf3 f4 23. gxf4 Bf5 24. c5 Qh4 25. Qf2 Bg4 26. Rg3 Bxe2 27. Nxe2 dxc5 28. bxc5 Rf8 29. Rc4 Ne5 30. Rcc3 Ng4 31. Qg1 Qxh2+ 32. Qxh2 Rxh2+ 33. Kg1 Rxe2 34. Rxg4 1/2-1/2

[Event "Wuertemberg-ch U16"]
[Site "Germany"]
[Date "2004.04.14"]
[Round "4"]
[White "Witte, Stefan"]
[Black "Luo, Xinping"]
[Result "1/2-1/2"]
[WhiteElo "1610"]
[BlackElo "1653"]
[PlyCount "51"]
[EventDate "2004.04.??"]
[EventType "swiss"]
[EventRounds "7"]
[EventCountry "GER"]
[SourceTitle "EXT 2005"]
[Source "ChessBase"]
[SourceDate "2004.11.15"]
[SourceVersion "1"]
[SourceVersionDate "2004.11.15"]
[SourceQuality "1"]

1. d4 e6 2. e4 d5 3. exd5 exd5 4. Bd3 Nf6 5. c3 Bd6 6. Be3 0-0 7. Nf3 Bg4 8. Nbd2 Nbd7 9. h3 Bh5 10. 0-0 c6 11. Qc2 Bg6 12. Bxg6 hxg6 13. Rfe1 Re8 14. Re2 Qc7 15. Rae1 Re7 16. Bg5 Rae8 17. Rxe7 Rxe7 18. Rxe7 Bxe7 19. b4 Qd6 20. Nb3 b6 21. a3 Ne4 22. Bxe7 Qxe7 23. Nbd2 Ndf6 24. Nxe4 Nxe4 25. Nd2 Nxd2 26. Qxd2 1/2-1/2

[Event "Wuertemberg-ch U16"]
[Site "Germany"]
[Date "2004.04.13"]
[Round "1"]
[White "Luo, Xinping"]
[Black "Krieger, Philipp"]
[Result "1-0"]
[WhiteElo "1653"]
[BlackElo "1329"]
[PlyCount "55"]
[EventDate "2004.04.??"]
[EventType "swiss"]
[EventRounds "7"]
[EventCountry "GER"]
[SourceTitle "EXT 2005"]
[Source "ChessBase"]
[SourceDate "2004.11.15"]
[SourceVersion "1"]
[SourceVersionDate "2004.11.15"]
[SourceQuality "1"]

1. e4 e5 2. Nf3 Nc6 3. Bb5 d6 4. d4 Bd7 5. Nc3 Nf6 6. Bxc6 Bxc6 7. Qd3 Be7 8. dxe5 dxe5 9. Nxe5 Bxe4 10. Nxe4 Nxe4 11. Qxe4 c6 12. 0-0 0-0 13. Nf3 Qc7 14. Bf4 Qb6 15. b3 Rfe8 16. Qc4 Bf6 17. Rae1 Red8 18. Rd1 Re8 19. Rfe1 Rf8 20. Ne5 Qa5 21. Nd7 Rfe8 22. Nxf6+ gxf6 23. Rxe8+ Rxe8 24. h3 b5 25. Qd4 Re1+ 26. Rxe1 Qxe1+ 27. Kh2 Qe2 28. Bh6 1-0

[Event "GER-chT U16"]
[Site "Greifswald"]
[Date "2003.12.30"]
[Round "7.2"]
[White "Krebs, Martin"]
[Black "Luo, Xinping"]
[Result "1/2-1/2"]
[WhiteElo "1675"]
[BlackElo "1495"]
[PlyCount "58"]
[EventDate "2003.12.27"]
[EventType "team-swiss"]
[EventRounds "7"]
[EventCountry "GER"]
[SourceTitle "EXT 2022"]
[Source "ChessBase"]
[SourceDate "2021.10.06"]
[SourceVersion "1"]
[SourceVersionDate "2021.10.06"]
[SourceQuality "1"]
[WhiteTeam "Muennerstadt Turm U16"]
[BlackTeam "Heilbronn U16"]
[WhiteTeamCountry "GER"]
[BlackTeamCountry "GER"]

1. d4 Nf6 2. c4 g6 3. Nc3 d5 4. cxd5 Nxd5 5. e4 Nxc3 6. bxc3 Bg7 7. Bc4 c5 8. Ne2 0-0 9. 0-0 Nc6 10. Be3 Qc7 11. Rc1 Rd8 12. Qc2 Na5 13. Bb3 Nxb3 14. Qxb3 b6 15. Qa3 cxd4 16. cxd4 Qd6 17. Qxd6 Rxd6 18. Rc7 Ba6 19. Re1 Bxe2 20. Rxe2 Bxd4 21. g3 Bxe3 22. Rxe3 Kf8 23. Ra3 a6 24. Rb7 Ke8 25. Rc3 Rad8 26. Rcc7 R6d7 27. Rxd7 Rxd7 28. Rxb6 Ra7 29. Kg2 Kd7 1/2-1/2

[Event "GER-chT U16"]
[Site "Greifswald"]
[Date "2003.12.29"]
[Round "5.2"]
[White "Luo, Xinping"]
[Black "Krug, Kevin"]
[Result "1/2-1/2"]
[WhiteElo "1495"]
[BlackElo "1946"]
[PlyCount "60"]
[EventDate "2003.12.27"]
[EventType "team-swiss"]
[EventRounds "7"]
[EventCountry "GER"]
[SourceTitle "EXT 2022"]
[Source "ChessBase"]
[SourceDate "2021.10.06"]
[SourceVersion "1"]
[SourceVersionDate "2021.10.06"]
[SourceQuality "1"]
[WhiteTeam "Heilbronn U16"]
[BlackTeam "Koeln Muelheim U16"]
[WhiteTeamCountry "GER"]
[BlackTeamCountry "GER"]

1. e4 Nc6 2. Nf3 f5 3. exf5 d5 4. d4 Bxf5 5. Bb5 e6 6. 0-0 Bd6 7. Nbd2 Nf6 8. c4 0-0 9. c5 Be7 10. Bxc6 bxc6 11. Ne5 Qe8 12. Ndf3 Ng4 13. h3 Nxe5 14. Nxe5 Bf6 15. Bf4 Bxe5 16. Bxe5 Qg6 17. Bg3 h5 18. Kh2 Rab8 19. Qd2 Rb7 20. Rac1 Rfb8 21. b3 Rf8 22. Rc3 Be4 23. Rg1 Rbb8 24. Bxc7 Rb7 25. Bd6 Rf6 26. Be5 Rff7 27. f3 Bf5 28. Re3 Qg5 29. Qe2 Qd8 30. Re1 h4 1/2-1/2

[Event "GER-chT U16"]
[Site "Greifswald"]
[Date "2003.12.27"]
[Round "2.2"]
[White "Luo, Xinping"]
[Black "Voelsgen, Georg"]
[Result "1-0"]
[WhiteElo "1495"]
[BlackElo "1449"]
[PlyCount "45"]
[EventDate "2003.12.27"]
[EventType "team-swiss"]
[EventRounds "7"]
[EventCountry "GER"]
[SourceTitle "EXT 2022"]
[Source "ChessBase"]
[SourceDate "2021.10.06"]
[SourceVersion "1"]
[SourceVersionDate "2021.10.06"]
[SourceQuality "1"]
[WhiteTeam "Heilbronn U16"]
[BlackTeam "Gryps SV U16"]
[WhiteTeamCountry "GER"]
[BlackTeamCountry "GER"]

1. e4 e5 2. Nf3 Nc6 3. Bb5 Nf6 4. 0-0 d6 5. d4 exd4 6. Nxd4 Bd7 7. Nc3 a6 8. Bxc6 Bxc6 9. Nxc6 bxc6 10. f4 Be7 11. Qf3 c5 12. e5 Nd7 13. exd6 cxd6 14. Nd5 0-0 15. Bd2 Nf6 16. Rad1 Nxd5 17. Qxd5 Qc7 18. Bc3 Rac8 19. Rf3 Qc6 20. Rg3 g6 21. Qh5 Rfd8 22. Qxh7+ Kxh7 23. Rh3+ 1-0

[Event "Wuerttemberg-ch U14"]
[Site "Stuttgart"]
[Date "2003.04.25"]
[Round "6"]
[White "Luo, Xinping"]
[Black "Kissling, David"]
[Result "1-0"]
[WhiteElo "1545"]
[BlackElo "1370"]
[PlyCount "23"]
[EventDate "2003.04.??"]
[EventType "swiss"]
[EventRounds "7"]
[EventCountry "GER"]
[SourceTitle "EXT 2005"]
[Source "ChessBase"]
[SourceDate "2004.11.15"]
[SourceVersion "1"]
[SourceVersionDate "2004.11.15"]
[SourceQuality "1"]

1. e4 e5 2. Nf3 Nc6 3. Bb5 a6 4. Ba4 b5 5. Bb3 Nf6 6. 0-0 d6 7. Ng5 d5 8. exd5 Nxd5 9. Nxf7 Kxf7 10. Qf3+ Ke8 11. Bxd5 Nd4 12. Qf7# 1-0

[Event "Wuerttemberg-ch U14"]
[Site "Stuttgart"]
[Date "2003.04.24"]
[Round "5"]
[White "Stoeckl, Christian"]
[Black "Luo, Xinping"]
[Result "1/2-1/2"]
[WhiteElo "1388"]
[BlackElo "1545"]
[PlyCount "29"]
[EventDate "2003.04.??"]
[EventType "swiss"]
[EventRounds "7"]
[EventCountry "GER"]
[SourceTitle "EXT 2005"]
[Source "ChessBase"]
[SourceDate "2004.11.15"]
[SourceVersion "1"]
[SourceVersionDate "2004.11.15"]
[SourceQuality "1"]

1. e4 c5 2. Nf3 d6 3. d4 cxd4 4. Nxd4 Nf6 5. Nc3 g6 6. f3 Bg7 7. Be3 0-0 8. Qd2 Nc6 9. g4 Nxd4 10. Bxd4 Be6 11. h4 h5 12. Bxf6 Bxf6 13. gxh5 Qa5 14. hxg6 fxg6 15. Nd5 1/2-1/2

[Event "BEM-ch U14"]
[Site "Vaihingen/Enz"]
[Date "2003.02.01"]
[Round "6"]
[White "Mueller, Tobias"]
[Black "Luo, Xinping"]
[Result "1-0"]
[WhiteElo "1348"]
[BlackElo "1545"]
[PlyCount "113"]
[EventDate "2003.01.??"]
[EventType "swiss"]
[EventRounds "7"]
[EventCountry "GER"]
[SourceTitle "EXT 2005"]
[Source "ChessBase"]
[SourceDate "2004.11.15"]
[SourceVersion "1"]
[SourceVersionDate "2004.11.15"]
[SourceQuality "1"]

1. e4 c5 2. Nf3 d6 3. d4 cxd4 4. Nxd4 Nf6 5. Nc3 g6 6. Be3 Bg7 7. Bc4 Ng4 8. Qe2 Nxe3 9. Qxe3 0-0 10. 0-0 Nc6 11. Nxc6 bxc6 12. a3 Rb8 13. Rab1 Qa5 14. f4 Be6 15. Bxe6 fxe6 16. e5 dxe5 17. fxe5 Qxe5 18. Qxa7 Qd4+ 19. Qxd4 Bxd4+ 20. Kh1 Rxf1+ 21. Rxf1 Rxb2 22. Ne4 Rxc2 23. Ng5 Re2 24. a4 h6 25. Nf3 Bc3 26. a5 Bxa5 27. Nd4 Re1 28. Kg1 Rxf1+ 29. Kxf1 Kf7 30. Nxc6 Bc3 31. Ke2 Kf6 32. Kd3 Be5 33. h3 Bd6 34. Nd4 e5 35. Nf3 Kf5 36. Ke2 Kf4 37. Kf2 Bc5+ 38. Kf1 g5 39. Ne1 e4 40. Nc2 e3 41. Ne1 Ke4 42. Ke2 Kf4 43. Kf1 h5 44. Nd3+ Ke4 45. Nxc5+ Kd4 46. Ne6+ Kd3 47. Ke1 g4 48. hxg4 hxg4 49. Ng5 e2 50. Ne6 Ke3 51. Nf8 e5 52. Ng6 e4 53. Ne5 Kf4 54. Nc4 Kg3 55. Ne3 Kf4 56. Nd5+ Kg3 57. Ne3 1-0

[Event "BEM-ch U14"]
[Site "Vaihingen/Enz"]
[Date "2003.01.25"]
[Round "4"]
[White "Luo, Xinping"]
[Black "Geshnizjani, Ramin Tobias"]
[Result "1/2-1/2"]
[WhiteElo "1545"]
[BlackElo "1477"]
[PlyCount "26"]
[EventDate "2003.01.??"]
[EventType "swiss"]
[EventRounds "7"]
[EventCountry "GER"]
[SourceTitle "EXT 2005"]
[Source "ChessBase"]
[SourceDate "2004.11.15"]
[SourceVersion "1"]
[SourceVersionDate "2004.11.15"]
[SourceQuality "1"]

1. e4 e5 2. Nf3 Nc6 3. Nc3 d6 4. Bc4 Bg4 5. d4 exd4 6. Ng5 Bxd1 7. Bxf7+ Ke7 8. Nd5+ Kd7 9. Be6+ Ke8 10. Bf7+ Kd7 11. Be6+ Ke8 12. Bf7+ Kd7 13. Be6+ Ke8 1/2-1/2

[Event "BEM-ch U14"]
[Site "Vaihingen/Enz"]
[Date "2003.01.18"]
[Round "1"]
[White "Luo, Xinping"]
[Black "Haag, Patrick"]
[Result "1-0"]
[WhiteElo "1545"]
[BlackElo "1250"]
[PlyCount "47"]
[EventDate "2003.01.??"]
[EventType "swiss"]
[EventRounds "7"]
[EventCountry "GER"]
[SourceTitle "EXT 2005"]
[Source "ChessBase"]
[SourceDate "2004.11.15"]
[SourceVersion "1"]
[SourceVersionDate "2004.11.15"]
[SourceQuality "1"]

1. e4 e5 2. Nf3 Nc6 3. Bb5 a6 4. Ba4 Nf6 5. 0-0 Bc5 6. c3 b5 7. Bb3 d5 8. exd5 Nxd5 9. Re1 0-0 10. Nxe5 Nxe5 11. Rxe5 Bxf2+ 12. Kxf2 Qf6+ 13. Qf3 Qxf3+ 14. gxf3 Nf4 15. Bc2 Bb7 16. d4 f6 17. Re1 Nh3+ 18. Kg3 Ng5 19. Bxg5 fxg5 20. Be4 Rae8 21. Nd2 Bxe4 22. Rxe4 h5 23. Rae1 h4+ 24. Kg2 1-0

[Event "Wuerttemberg-ch U14"]
[Site "Lindau"]
[Date "2002.04.06"]
[Round "7"]
[White "Luo, Xinping"]
[Black "Witte, Stefan"]
[Result "1/2-1/2"]
[WhiteElo "1410"]
[BlackElo "1370"]
[PlyCount "25"]
[EventDate "2002.04.??"]
[EventType "swiss"]
[EventRounds "7"]
[EventCountry "GER"]
[SourceTitle "EXT 2003"]
[Source "ChessBase"]
[SourceDate "2002.11.25"]
[SourceVersion "1"]
[SourceVersionDate "2002.11.25"]
[SourceQuality "1"]

1. e4 c5 2. Nf3 e6 3. d4 cxd4 4. Nxd4 Nf6 5. Nc3 Bb4 6. e5 Ne4 7. Qg4 Qa5 8. Qxg7 Bxc3+ 9. bxc3 Qxc3+ 10. Ke2 b6 11. Qxh8+ Ke7 12. Bg5+ Nxg5 13. Qf6+ 1/2-1/2

[Event "Wuerttemberg-ch U14"]
[Site "Lindau"]
[Date "2002.04.04"]
[Round "5"]
[White "Bothe, Jonas"]
[Black "Luo, Xinping"]
[Result "0-1"]
[WhiteElo "1146"]
[BlackElo "1410"]
[PlyCount "84"]
[EventDate "2002.04.??"]
[EventType "swiss"]
[EventRounds "7"]
[EventCountry "GER"]
[SourceTitle "EXT 2003"]
[Source "ChessBase"]
[SourceDate "2002.11.25"]
[SourceVersion "1"]
[SourceVersionDate "2002.11.25"]
[SourceQuality "1"]

1. d4 Nf6 2. Nc3 d5 3. Bg5 c6 4. Bxf6 gxf6 5. e3 e5 6. Nf3 Bd6 7. Be2 Bf5 8. Qd2 Nd7 9. 0-0-0 Bg6 10. Ne1 b5 11. f4 e4 12. g3 b4 13. Nb1 a5 14. c4 Be7 15. c5 Rb8 16. b3 a4 17. Qb2 Qa5 18. g4 h6 19. f5 Bh7 20. Rd2 axb3 21. Qxb3 0-0 22. Bd1 Ra8 23. Qb2 Rfb8 24. Bb3 Bxc5 25. dxc5 Qxc5+ 26. Qc2 Qxe3 27. Ng2 Qf3 28. h3 Ne5 29. Kb2 Ra5 30. Qd1 Nd3+ 31. Ka1 Qxd1 32. Bxd1 b3 33. Bxb3 Rxb3 34. Rc2 Nb4 35. Rd2 Rd3 36. Rb2 c5 37. Nf4 Rb3 38. Rd2 d4 39. Nh5 e3 40. Re2 d3 41. Rg2 e2 42. Rc1 Rxa2# 0-1